A valuation model for developing country debt with endogenous rescheduling (Record no. 8765)

000 -LEADER
fixed length control field 00473pab a2200169 454500
008 - FIXED-LENGTH DATA ELEMENTS--GENERAL INFORMATION
fixed length control field 180718b1987 xxu||||| |||| 00| 0 eng d
100 ## - MAIN ENTRY--PERSONAL NAME
Personal name Gennotte, Gerard,
245 ## - TITLE STATEMENT
Title A valuation model for developing country debt with endogenous rescheduling
260 ## - PUBLICATION, DISTRIBUTION, ETC.
Date of publication, distribution, etc. 1987
300 ## - PHYSICAL DESCRIPTION
Extent 237-71
362 ## - DATES OF PUBLICATION AND/OR SEQUENTIAL DESIGNATION
Dates of publication and/or sequential designation Jan.
650 ## - SUBJECT ADDED ENTRY--TOPICAL TERM
Topical term or geographic name entry element Foreign Credit - Underdeveloped Areas
700 ## - ADDED ENTRY--PERSONAL NAME
Personal name Sayeed Sadeq
700 ## - ADDED ENTRY--PERSONAL NAME
Personal name Homi J. Kharas
773 ## - HOST ITEM ENTRY
Main entry heading World Bank Economic Review
909 ## -
-- 8765
Holdings
Withdrawn status Lost status Damaged status Not for loan Permanent Location Current Location Date acquired Serial Enumeration / chronology Barcode Date last seen Price effective from Koha item type
        Indian Institute of Public Administration Indian Institute of Public Administration 2018-07-19 Volume no: 1, Issue no: 2 AR8779 2018-07-19 2018-07-19 Articles

Powered by Koha